| 000 | 00497nam a22001697a 4500 | ||
|---|---|---|---|
| 999 |
_c17711 _d17711 |
||
| 003 | AR-CdUCM | ||
| 008 | 190509b ||||| |||| 00| 0 spa d | ||
| 040 |
_aMUNICIPALIDAD PROVINCIAL DEL CUSCO _cBIBLIOTECA MUNICIPAL DEL CUSCO |
||
| 082 |
_a810.9 / _bH99 |
||
| 100 |
_aHoward, León _937854 |
||
| 245 | _aLa literatura y la tradición Norteamericana / | ||
| 260 |
_aMexico : _bNovaro, _c1960. |
||
| 300 |
_a302 páginas ; _c18 cm. |
||
| 505 | _aLiteratura. | ||
| 942 |
_2ddc _cLIBROS |
||
| 945 | _awfj | ||